Necessidades de Maria Santissima en la muerte del autor de la vida, declamadas en la yglesia del religiossissimo convento de Nuestra Señora Regina - Coeli desta corte de Mexico, donde las celebra su venerable congregacion . Por el Doc. D. Antonio de Saldaña y Ortega y dedica a la misma soberana señora, el contador Don Agustin de Oliva

Detalles Bibliográficos
Formato: Libro
Lenguaje:Undetermined
Spanish
Publicado: Mexico : por los herederos de Juan Joseph Guillena Carrascoso, 1715.
Materias:
Colección:Banco de datos
Acervo:Biblioteca Palafoxiana. Colección bibliográfica
Descripción Física:[6], 10 h. ; 4°
Tema general:Homilética
Notas:Número de localización: 15546-B
LEADER 00847nam a2200169Ia 4500
008 150723s9999 xx 000 0 und d
041 0 |a spa 
050 0 |a PAFX BV4207 S4 
245 1 0 |a Necessidades de Maria Santissima en la muerte del autor de la vida, declamadas en la yglesia del religiossissimo convento de Nuestra Señora Regina - Coeli desta corte de Mexico, donde las celebra su venerable congregacion . Por el Doc. D. Antonio de Saldaña y Ortega y dedica a la misma soberana señora, el contador Don Agustin de Oliva 
260 |a Mexico : por los herederos de Juan Joseph Guillena Carrascoso, 1715. 
300 |a [6], 10 h. ; 4° 
500 |a Número de localización: 15546-B 
501 |a Encuadernado con 14 obras 
650 1 0 |a Homilética 
942 |c PALALIB 
943 |g Biblioteca Palafoxiana. Colección bibliográfica 
999 |c 1054062  |d 1054062